000 00636nam a2200265Ia 4500
005 20260302113920.0
008 008 260114s9999 xx 000 0 eng d
020 _a9798216000716
037 _aTextbook
040 _aCRL
040 _beng
040 _cCRL
041 _2eng
041 _aeng
084 _qCRL
100 _aLori Cox Han
_9872112
245 4 _aThe Presidency
260 _bBloomsbury
260 _bGreenwood
260 _c2021
650 _aPolitics
856 _uhttps://doi.org/10.5040/9798216000716?locatt=label:secondary_bloomsburyCollections
942 _cEBOOK
999 _c1680688
_d1680688